000 00496nam a2200169 4500
003 SEACOMEC
005 20240102153347.0
008 240102b |||||||| |||| 00| 0 eng d
020 _cRs,195.00
040 _aSEACOMEC
082 _a621.3141
_bM984
100 _aMurty,P.S.R.
245 1 _aModelling of power system components
_cP.S.R. Murty
260 _aHyderabad
_bB S Publications
_c2004
650 _aTechnology,Generation, modification, storage, transmission of electric power
942 _cBOOK
999 _c393
_d393